000 00407 a2200169 4500
001 46741
020 _a9788526278394
040 _cAnchieta - Aquarius
100 _aBraz, Júlio Emílio
240 1 0 _aA menina que tinha um céu na boa
_lpor
245 1 0 _aA menina que tinha um céu na boa
300 _a
362 0 _a2010
440 1 _aScipione
650 4 _aLiteratura infanto-juvenil
942 _cBK
999 _c46741
_d46741